| 000 | nam a22 a 4500 | ||
|---|---|---|---|
| 999 |
_c447328 _d447328 |
||
| 003 | BLK | ||
| 005 | 20220917112313.0 | ||
| 008 | 220307b bu ||||| ||||||0| | bu d | ||
| 040 | _aBLK | ||
| 041 |
_aBUL _cBUL |
||
| 080 |
_x(497.215)(062) _aУправление на транспортните предприятията. Управление на пътнически и товарни превози. Транспортна логистика _b656.07 _z656.07(497.215)(062) |
||
| 139 |
_aПо пътя на възхода _bП 62 |
||
| 245 |
_aПо пътя на възхода _h[Малотир. изд.] _b35 години Автокомбинат - Русе |
||
| 260 |
_9441842 _aРусе _bб. и. _c1987 |
||
| 300 |
_a47 с. _c21 см |
||
| 380 | _a62 | ||
| 653 | 7 |
_9198595 _aтранспортни фирми |
|
| 653 | 7 |
_9180354 _aавтомобилен транспорт |
|
| 852 |
_aК 65/П 62 _bК |
||
| 942 |
_cKNG _n0 _s1 _01 |
||
| 944 |
_aCR _c2022-03-07 _kВ. Т. |
||
| 999 | _d447328 | ||
| 999 | _d447328 | ||